Countries: Spot the Mistakes #2 - Statistics

General Stats
  • This quiz has been taken 74 times
  • The average score is 9 of 18
Answer Stats
Hint Answer % Correct
Cairo is both the capital and largest city of Egypt Alexandria
73%
Toronto is the largest city of Canada Montreal
68%
Finland does not share a border with Estonia Estonia
67%
Java is not a city, but the most populous Indonesian island Java
67%
Greece does not share a border with Kosovo Kosovo
65%
Azerbaijan does not share a border with Iraq, it does with Iran Iraq
63%
Saint Vincent is in the North American continent Oceania
63%
Jamaica is part of the North American continent Africa
62%
Madrid is the largest city of Spain Barcelona
58%
Panama is a country in the North American continent South America
57%
Seychelles is a country in the African continent Asia
55%
Azerbaijan is officially part of Asia Europe
50%
French is not an official language of Algeria French
50%
Brazzaville is the capital and largest city of Republic of the Congo Brazzaville
45%
Henrik Larsson is a former Swedish professional football player Henrik Larsson
38%
The Shinano River is the longest river of Japan Shinano River
27%
The Draa river only flows through Morocco Draa River
17%
The Green Pheasant is the national bird of Japan Green Pheasant
12%
No matching quizzes found
Score Distribution
Percent of People with Each Score
Percentile by Number Answered
Your Score History
You have not taken this quiz